Obchodníci s cennými papiermi Príloha

Formy zastúpenia vykonávaného obchodníkmi s cennými papiermi. Prevod cenných papierov. Udelenie plnenej moci. Uzatvorenie mandátnej zmluvy. Obchodníci s cennými papiermi, ktorí uzatvorili zmluvu s FNM SR.

Salvato in:
Dettagli Bibliografici
Natura: Capitolo di libro
Lingua:slovacco
Soggetti:
Tags: Aggiungi Tag
Nessun Tag, puoi essere il primo ad aggiungerne!!

MARC

LEADER 00000naa a2200000 4500
001 r021473
005 20251104123816.0
041 0 |a slo 
044 |a SK 
245 1 0 |a Obchodníci s cennými papiermi  |b Príloha 
520 |a Formy zastúpenia vykonávaného obchodníkmi s cennými papiermi. Prevod cenných papierov. Udelenie plnenej moci. Uzatvorenie mandátnej zmluvy. Obchodníci s cennými papiermi, ktorí uzatvorili zmluvu s FNM SR. 
610 2 0 |a burzovníctvo 
610 2 0 |a papiere cenné 
610 2 0 |a obchody burzové 
610 2 0 |a zmluvy obchodné 
610 2 0 |a FNM SR Bratislava